Fiscal effects of the 1993 colombian pension reform

Saved in:
Bibliographic Details
Main Author: Clavijo, Sergio
Format: Book
Language:English
Published: Washington IMF 1998
Series:IMF working paper WP/98/158
Subjects:
Tags: Add Tag
No Tags, Be the first to tag this record!

MARC

LEADER 00000nam a2200000 4500
001 c106908
005 20250509104125.9
041 0 |a eng 
044 |a US 
245 1 0 |a Fiscal effects of the 1993 colombian pension reform  |c Prepared by Sergio Clavijo 
264 1 |a Washington  |b IMF  |c 1998 
300 |a 23 s. 
490 1 |a IMF working paper  |v WP/98/158 
830 0 |a IMF working paper  |v WP/98/158 
610 2 0 |a dôchodky 
610 2 0 |a reformy sociálne 
610 2 0 |a penzie 
610 2 0 |a modely 
610 2 0 |a politika fiškálna 
610 2 0 |a Kolumbia 
100 1 |a Clavijo, Sergio